000 00374nam a2200145Ia 4500
008 230718s9999 xx 000 0 und d
041 _aeng
082 _a658
_bCAN
100 _aCanfield J.
245 _aChicken Soup For The Writers Soul
260 _c1999
_bWestland Books
365 _cRs.
_b195.00
700 _aCanfield J & Others
906 _dB:454725-May-2002
_cMGMT
999 _c303671
_d303671